000 00591nam a22002297a 4500
003 UA-OsUOA
001 42526
007 ta
008 20090217b un ||||| |||| 00| 0 ukr d
090 _a82
_bЗ-81
942 _cBK
040 _aUA-OsUOA
_bukr
_cUA-OsUOA
_dUA-OsUOA
245 _aЗолотослов
300 _a296 с.
955 _a4
041 _aukr
080 _a82
260 _aК.
_b"Дніпро"
_c1988
246 3 1 _aПоетичний космос Давньої Русі
650 7 _a82 Література. Літературознавство
_2UDC
999 _c441024
_d441024